Les talents des pokémon de la 3G (moyen) - Statistiques

Statistiques générales
  • Ce quiz a été pris 10 fois
  • Le résultat moyen est 230 sur 306
Statistiques - réponses
Pokémon Talent % Correct
Monaflémit | Parecool Absentéisme
100%
Rayquaza Air Lock
100%
Braségali | Galifeu | Poussifeu Brasier
100%
Métalosse | Métang | Regice | +3 others Corps Sain
100%
Bekipan | Kyogre Crachin
100%
Arcko | Jungko | Massko Engrais
100%
Galegon | Galekid | Galeking | +3 others Fermeté
100%
Munja Garde Mystik
100%
Drattak | Grahyena | Maskadra | Mysdibule Intimidation
100%
Azurill | Groret | Hariyama | +5 others Isograisse
100%
Balbuto | Eoko | Kaorine | +7 others Lévitation
100%
Absol | Deoxys | Téraclope | +2 others Pression
100%
Chapignon Technicien
100%
Draby | Drackhaus | Galegon | +3 others Tête de Roc
100%
Flobio | Gobou | Laggron Torrent
100%
Braségali | Carvanha | Galifeu | +3 others Turbo
100%
Azurill Coloforce
88%
Kaimorse | Obalie | Oniglali | +3 others Corps Gel
88%
Arakdo | Bekipan | Goélise | +3 others Cuvette
88%
Charmillon | Chenipotte | Papinox Ecran Poudre
88%
Muciole Essaim
88%
Charmina | Meditikka Force Pure
88%
Ténéfix Frein
88%
Lilia | Vacilys Lavabo
88%
Flobio | Gobou | Laggron Moiteur
88%
Delcatty | Skitty Normalize
88%
Carvanha | Sharpedo Peau Dure
88%
Balignon | Chapignon Pose Spore
88%
Linéon | Zigzaton Ramassage
88%
Bekipan | Goélise | Ténéfix Regard Vif
88%
Chartor | Groudon Sécheresse
88%
Jirachi Sérénité
88%
Balignon | Chapignon Soin Poison
88%
Dynavolt | Elecsprint Statik
88%
Cacnea | Cacturne Absorb-Eau
75%
Barpau | Colhomard | Ecrapince Adaptabilité
75%
Brouhabam | Chuchmur | Ramboum Anti-Bruit
75%
Anorith | Armaldo Armurbaston
75%
Barbicha | Barloche | Barpau | +7 others Benêt
75%
Gardevoir | Kirlia | Tarsal Calque
75%
Grainipiot | Pifeuil | Tengalice | Tropius Chlorophylle
75%
Chartor | Colhomard | Coquiperl | Ecrapince Coque Armure
75%
Branette | Polichombr Corps Maudit
75%
Hariyama | Hélédelle | Makuhita | Nirondelle Cran
75%
Chartor Ecran Fumée
75%
Lumivole | Muciole | Ténéfix Farceur
75%
Chenipotte | Medhyena | Ningale Fuite
75%
Anorith | Arakdo | Armaldo | +8 others Glissade
75%
Avaltout | Gloupti | Groret | +3 others Gloutonnerie
75%
Avaltout | Gloupti Glu
75%
Branette | Polichombr Insomnia
75%
Delcatty | Milobellus | Skitty Joli Sourire
75%
Lumivole Lentiteintée
75%
Métalosse | Métang | Registeel | Terhal Light Metal
75%
Okéoké Marque Ombre
75%
Morphéo Météo
75%
Dynavolt | Elecsprint | Négapi Moins
75%
Armulys | Blindalys | Seviper Mue
75%
Ningale | Papinox Oeil Composé
75%
Kraknoix Piège Sable
75%
Posipi Plus
75%
Rosélia Point Poison
75%
Brouhabam | Hélédelle | Nirondelle | Ramboum Querelleur
75%
Chamallot Simple
75%
Camérupt Solide Roc
75%
Gardevoir | Kirlia | Tarsal Synchro
75%
Chamallot | Groret | Lombre | +3 others Tempo Perso
75%
Mangriff Vaccin
75%
Barbicha | Barloche Anticipation
63%
Camérupt Armumagma
63%
Oniglali | Stalgamin Attention
63%
Milobellus Battant
63%
Absol Coeur Noble
63%
Arcko | Jungko | Massko Délestage
63%
Milobellus Ecaille Spéciale
63%
Tropius Force Soleil
63%
Galegon | Galekid | Galeking Heavy Metal
63%
Barbicha | Barloche | Goélise | +2 others Hydratation
63%
Colhomard | Ecrapince | Kraknoix | Mysdibule Hyper Cutter
63%
Drattak | Grahyena Impudence
63%
Tarinor Magnépiège
63%
Dynavolt | Elecsprint | Négapi | Posipi Paratonnerre
63%
Balignon | Grahyena | Linéon | +2 others Pied Véloce
63%
Draby | Hariyama | Kraknoix | +2 others Sans Limite
63%
Maskadra Tension
63%
Tengalice Aéroporté
50%
Absol Chanceux
50%
Altaria | Tylton Ciel Gris
50%
Camérupt Colérique
50%
Vigoroth Esprit Vital
50%
Azurill Herbivore
50%
Kecleon Homochromie
50%
Serpang | Wailmer | Wailord Ignifu-Voile
50%
Oniglali | Stalgamin Lunatique
50%
Grainipiot | Pifeuil Matinal
50%
Chuchmur | Coquiperl | Medhyena Phobique
50%
Grainipiot | Pifeuil | Tengalice Pickpocket
50%
Mangriff Rage Poison
50%
Tropius Récolte
50%
Charmillon Rivalité
50%
Charmina | Gardevoir | Kirlia | +3 others Télépathe
50%
Lilia | Vacilys Ventouse
50%
Drackhaus Envelocape
38%
Rosélia Feuille Garde
38%
Branette | Polichombr | Skélénox | Téraclope Fouille
38%
Ninjask | Seviper Infiltration
38%
Altaria | Rosélia | Tylton Médic Nature
38%
Kecleon Protéen
38%
Avaltout | Gloupti Suintement
38%
Cacnea | Cacturne Voile Sable
38%
Tarinor Force Sable
25%
Muciole Luminescence
25%
Delcatty | Skitty Peau Miracle
25%
Aucun quiz correspondant
Distribution des résultats
% des personnes avec chaque résultat
Percentile par nombre de réponses
Votre historique - résultats
Vous n’avez pas pris ce quiz